000 01760nam a2200397 a 4500
001 00003882
003 DO-SdBNP
005 20180313124517.0
007 00003882
008 091123s 2001 dr 000 0 spa d
020 _a9788482613529
020 _a8482613561
040 _aBPMSU
_bspa
_cBPMSU
082 0 4 _a373.6561
_bG216L, 3ro. 2001
100 1 _aGarcía Cartagena, Manuel
245 1 0 _aLengua y literatura 3 :
_beducación media /
_cManuel García Cartagena ; dirección editorial Obdulia García de Escobar ; ilustración Ruddy Núñez.
260 _aSanto Domingo :
_bSantillana,
_c2001.
300 _a3v. :
_bil., mapas., retrs. ;
_c28 cm.
490 1 _aUmbral
500 _aTercero de bachillerato. 1er. curso/ Segundo ciclo
500 _aLa biblioteca posee Libro texto y edicion anotada para el profesor.
505 0 _tEl lenguaje de la ciencia --
_tConstruyamos una América mejor --
_tCostumbres dominicanas --
_tTrabajemos por la vida --
_tPoder crear es crear poder --
_tLa fragilidad de la vida --
_tSentirse dominicanos --
_tHistorias que sepultan realidades --
_tComunicación creativa --
_tPolíticas ambientales --
_tPor un turismo limpio --
_tEl trabajo de vivir.
650 4 _aESPAÑOL
_xENSEÑANZA SECUNDARIA
650 4 _aESPAÑOL
_xEDUCACIÓN SECUNDARIA
650 4 _aESPAÑOL
_xLIBROS DE TEXTOS
650 4 _aESPAÑOL
_xESTUDIOS Y EJERCICIOS
650 4 _aEDUCACIÓN SECUNDARIA
_zREPÚBLICA DOMINICANA
700 1 2 _aGarcía de Escobar, Obdulia,
_eed.
700 1 2 _aNúñez, Ruddy,
_eil.
830 0 _aUmbral
910 _aValidado. Control de calidad MFF
942 _2ddc
_cBK
945 _aInventariado, 2018 /LP
956 _aVMATEO
_b10
_c20150730
_lBPMSU
_h00151
956 _aLOPEREZ
_b10
_c20160421
_lBPMSU
_h00041
999 _c9904
_d9904